Nueva clave de la filosofía: un estudio acerca del simbolismo de la razón, del rito y del arte

Na minha lista:
Detalhes bibliográficos
Autor principal: Langer, Susanne Katherina (Author)
Formato: Livro
Idioma:espanhol
Publicado em: Buenos Aires Sur 1954
Assuntos:
Tags: Adicionar Tag
Sem tags, seja o primeiro a adicionar uma tag!

MARC

LEADER 00000nam a2200000 a 4500
001 UCZ3948
003 CL-VaPUC
008 951027e19540000AG |||||||||||||||||spa|d
082 0 4 |a 121  |b LAN  |2 21 
100 |a Langer, Susanne Katherina  |e author  |9 303950 
245 1 0 |a Nueva clave de la filosofía: un estudio acerca del simbolismo de la razón, del rito y del arte 
300 |a 334 p 
942 |c BK 
945 |d 19951027 00:00:00  |a lriquelm 
260 |a Buenos Aires  |b Sur  |c 1954 
650 0 |a Teoría del conocimiento   |9 255038 
650 0 |a Símbolos  |9 267425 
650 0 |a Signos  |9 337575 
650 0 |a Lógica  |9 256849 
650 0 |a Racionalismo  |9 259116 
650 0 |a Artes  |9 268202 
650 7 |a RITOS  |2 CL-VaPUC  |9 337654 
650 0 |a Investigación  |9 257811 
583 |a last modification  |c 19951027 00:00:00  |k Rodrigo Vera 
999 |c 240388  |d 240386 
952 |0 0  |1 0  |4 0  |6 121_000000000000000_LAN_1954  |7 0  |8 P  |9 252237  |a BIBEDU  |b BIBEDU  |c BIBEDU_PB  |d 2019-11-18  |i 1592645  |l 4  |m 1  |o 121 LAN 1954  |p 1592645  |r 2024-01-25  |s 2023-08-09  |w 2019-11-18  |y BK  |k FIL 
952 |0 0  |1 0  |4 0  |6 121_000000000000000_LAN_1954  |7 0  |8 A  |9 252238  |a FDOPOS  |b FDOPOS  |d 2019-11-18  |i 4270533  |l 1  |o 121 LAN 1954  |p 4270533  |r 2025-01-22  |s 2022-05-04  |w 2019-11-18  |y BK  |k MLA